Načítá se...

Tenancy abolition and the emerging pattern in Gujarat report of the research project sponsored by the research programmes committee, planning committee, planning commission, government of India

Podrobná bibliografie
Korporativní autor: India.Planning Commission Department of Agricultural Economics
Jazyk:English
Vydáno: New Delhi Department of Agricultural Economics 1971
Témata:
LEADER 00778nam a22001577a 4500
005 20160820112652.0
008 091130t xxu||||| |||| 00| 0 eng d
082 |a (047.3)347.236.2  |b IND 
110 |a India.Planning Commission Department of Agricultural Economics  |9 6458 
245 |a Tenancy abolition and the emerging pattern in Gujarat   |b report of the research project sponsored by the research programmes committee, planning committee, planning commission, government of India 
300 |a x,194p. 
653 |a tenancy abolition   |a agriculture 
942 |c BK  |6 _ 
260 |a New Delhi  |b Department of Agricultural Economics  |c 1971 
999 |c 174185  |d 174185 
952 |0 0  |1 0  |2 ddc  |4 0  |6 04733472362_IND  |7 0  |9 225734  |a DAE  |b DAE  |d 2009-11-30  |o (047.3)347.236.2 IND  |p ECO02502  |r 2009-11-30  |w 2009-11-30  |y REP